Giornalisti italiani #2 - Statistics

Statistiche generali
  • Questo quiz è stato fatto 44 volte
  • Il punteggio medio è 8 su 16
Statistiche sulle risposte
con Immagini Risposta % Corretto
Bruno Vespa
100%
Ezio Greggio
98%
Emilio Fede
86%
Giovanni Floris
67%
Cristina Parodi
62%
David Parenzo
60%
Daria Bignardi
55%
Federica Sciarelli
52%
Federico Rampini
43%
Giovanni Minoli
40%
Rula Jebreal
31%
Emma D'Aquino
29%
Concita De Gregorio
19%
Laura Chimenti
17%
Mariangela Pira
5%
Perla Dipoppa
5%
Nessun quiz corrispondente trovato
Distribuzione punteggi
Percentuale di utenti per punteggio
Percentile per numero di risposta
I tuoi punteggi nel tempo
Non hai fatto questo quiz